Normal view
MARC view
- الحكام الاداريين -- الحكومة المحلية -- المحافظات
Entry Topical Term
001 - CONTROL NUMBER
- control field: 50334
003 - CONTROL NUMBER IDENTIFIER
- control field: JO-AjAnu
005 - DATE AND TIME OF LATEST TRANSACTION
- control field: 20230606082304.0
008 - FIXED-LENGTH DATA ELEMENTS
- fixed length control field: 230606|| aca||aabn | a|a d
040 ## - CATALOGING SOURCE
- Original cataloging agency: JO-AjAnu
- Transcribing agency: JO-AjAnu
150 ## - HEADING--TOPICAL TERM
- Topical term or geographic name entry element: الحكام الاداريين -- الحكومة المحلية -- المحافظات
670 ## - SOURCE DATA FOUND
- Source citation: Work cat.: (JO-AjAnu)25733: القاضي ، راكان نواف, author 50333, أثر العوامل والأساليب المستخدمة في فعالية قرارات الحكام الإداريين